000 00448nam a2200205Ia 4500
003 0100
008 130307s9999 xx 000 0 und d
020 _a0687008484
040 _cARRUPELIB
050 _aBS2575.2.S45 1997
100 _aSenior, Donald
245 4 _aThe Gospel of Matthew
260 _aNashville
260 _bAbingdon Press
260 _cc1997.
300 _a205p.
300 _b22cm
650 _aSCRIPTURE
942 0 0 _02
999 _c93085
_d93085